New expanded Webster's dictionary (Record no. 32924)

MARC details
000 -LEADER
fixed length control field 00436nam a2200181Ia 4500
020 ## - INTERNATIONAL STANDARD BOOK NUMBER
ISBN 093826179X
050 ## - CALL MARK
Classification number PE 1628 .N5/
245 #0 - TITLE STATEMENT
Title New expanded Webster's dictionary
250 ## - EDITION / VOLUME STATEMENT
Edition / Volume statement 1992 ed.
260 ## - PUBLICATION, DISTRIBUTION, ETC. (IMPRINT)
Place of publication Miami
260 ## - PUBLICATION, DISTRIBUTION, ETC. (IMPRINT)
Name of publisher P.S.I. & Associates
260 ## - PUBLICATION, DISTRIBUTION, ETC. (IMPRINT)
Year of publication 1988
300 ## - PHYSICAL DESCRIPTION
Number of Pages 382 p
650 ## - SUBJECT ADDED ENTRY--TOPICAL TERM
Topical Term English language_Dictionaries.
942 ## - ADDED ENTRY ELEMENTS (KOHA)
Koha item type Books
Holdings
Withdrawn status Lost status Source of classification or shelving scheme Damaged status Not for loan Permanent Location Current Location Date acquired Accession Number Price effective from Koha item type
    Library of Congress Classification     NILE UNIVERSITY OF NIGERIA - MAIN LIBRARY NILE UNIVERSITY OF NIGERIA - MAIN LIBRARY 04/23/2025 0004049 04/23/2025 Books